[Event "TUR-chT 2nd League"]
[Site "Konya"]
[Date "2018.07.19"]
[Round "5.8"]
[White "Ataer, Melisa"]
[Black "Kaya, Ilgin"]
[Result "0-1"]
[WhiteElo "1200"]
[BlackElo "1397"]
[PlyCount "114"]
[EventDate "2018.07.16"]
[EventType "team-swiss"]
[EventRounds "9"]
[EventCountry "TUR"]
[SourceTitle "EXT 2019"]
[Source "ChessBase"]
[SourceDate "2018.10.10"]
[SourceVersion "1"]
[SourceVersionDate "2018.10.10"]
[SourceQuality "1"]
[WhiteTeam "Istanbul Sisli"]
[BlackTeam "Corum Belediye"]
[WhiteTeamCountry "TUR"]
[BlackTeamCountry "TUR"]

1. e4 c5 2. Nf3 d6 3. d4 cxd4 4. Nxd4 Nf6 5. Nc3 a6 6. Bc4 e6 7. a4 Qc7 8. Bb3 Nc6 9. 0-0 Be7 10. Bg5 0-0 11. Qd3 Ne5 12. Qd2 Ng6 13. Rad1 Rd8 14. Qe2 h6 15. Be3 d5 16. exd5 exd5 17. h3 Bb4 18. Rd3 Ne5 19. Bf4 Bd6 20. Bxe5 Bxe5 21. Nf3 Bxc3 22. Rxc3 Qd6 23. Rd1 Bf5 24. Nh4 Be6 25. Qf3 Ne4 26. Re3 Qc6 27. Nf5 Bxf5 28. Qxf5 Nf6 29. Red3 Qb6 30. Bxd5 Nxd5 31. Rxd5 Rxd5 32. Rxd5 Qxb2 33. Rd7 Rf8 34. Qe4 b5 35. Ra7 Qa1+ 36. Kh2 bxa4 37. Rxa6 a3 38. Qb4 a2 39. Qb3 Qe5+ 40. f4 a1Q 41. Rxa1 Qxa1 42. c4 Qf6 43. Kg3 Qc6 44. h4 Rc8 45. Kg4 Qxc4 46. Qe3 Qe6+ 47. Qxe6 fxe6 48. g3 Kf7 49. f5 Rc4+ 50. Kh5 exf5 51. g4 g6+ 52. Kxh6 fxg4 53. h5 gxh5 54. Kxh5 g3 55. Kh6 g2 56. Kh5 g1Q 57. Kh6 Rh4# 0-1